Introduction to internet & HTML scripting: (Record no. 38109)
[ view plain ]
| 000 -LEADER | |
|---|---|
| fixed length control field | 00805nam a22002057a 4500 |
| 005 - DATE AND TIME OF LATEST TRANSACTION | |
| control field | 2010072205365.0 |
| 010 ## - LCCN (DPL NO) | |
| LC control number | ENG-97347 |
| 020 ## - INTERNATIONAL STANDARD BOOK NUMBER | |
| Terms of availability | 210.00 |
| International Standard Book Number | 9788183333719 |
| 035 ## - SYSTEM CONTROL NUMBER | |
| System control number | EN-80880 |
| 037 ## - SOURCE OF ACQUISITION | |
| Source of stock number/acquisition | DBAD/PUB |
| 082 ## - DEWEY DECIMAL CLASSIFICATION NUMBER | |
| Classification number | 005.72 |
| 100 ## - MAIN ENTRY--PERSONAL NAME | |
| Personal name | Bayross, Ivan |
| 245 ## - TITLE STATEMENT | |
| Title | Introduction to internet & HTML scripting: |
| Statement of responsibility, etc | by Ivan Bayross |
| Remainder of title | a text book for undergraduate engineering, BCA and MCA students for all learning universities / |
| 260 ## - PUBLICATION, DISTRIBUTION, ETC. (IMPRINT) | |
| Place of publication, distribution, etc | New Delhi |
| Name of publisher, distributor, etc | BPB Publications |
| Date of publication, distribution, etc | 2010 |
| 270 ## - ADDRESS | |
| Address | B-14, Connaught Place, |
| City | New Delhi |
| Postal code | 110001 |
| 300 ## - PHYSICAL DESCRIPTION | |
| Extent | 285p. |
| Dimensions | 24 cm (pbk) |
| Other physical details | 1CD-ROM |
| 700 ## - ADDED ENTRY--PERSONAL NAME | |
| 9 (RLIN) | 2116 |
| 942 ## - ADDED ENTRY ELEMENTS (KOHA) | |
| Source of classification or shelving scheme | Dewey Decimal Classification |
| Item type | English Books |
| Call number suffix | BAY |
| Classification part | 005.72 |
| Withdrawn status | Lost status | Not for loan | Collection code | Home library | Current library | Date acquired | Source of acquisition | Cost, normal purchase price | Full call number | Barcode | Copy number | Cost, replacement price | Koha item type |
|---|---|---|---|---|---|---|---|---|---|---|---|---|---|
| Not For Loan | Non-fiction | D.B.Act.Division | D.B.Act.Division | 28/07/2010 | DBAD/PUB | 210.00 | 005.72 BAY | EN-80880 | 1 | 210.00 | English Books |
